Derecho y economía de mercado: una nueva interpretación de los valores del derecho y la economía

Shranjeno v:
Bibliografske podrobnosti
Glavni avtor: Malloy, Robin Paul (autor)
Format: Knjiga
Jezik:španščina
Izdano: Madrid Marcial Pons 2007
Izdaja:1a. ed
Serija:Politopías, 18
Teme:
Oznake: Označite
Brez oznak, prvi označite!

MARC

LEADER 00000cam a2200000 a 4500
001 UCI6588
003 CL-VaPUC
008 080516e20070000SP |||||||||||||||||spa|d
020 |a 9788497683791 
082 0 4 |a 340.11  |b MAL  |2 21 
100 |a Malloy, Robin Paul  |e autor  |9 529521 
245 1 0 |a Derecho y economía de mercado: una nueva interpretación de los valores del derecho y la economía 
250 |a 1a. ed 
300 |a 238 p 
942 |c BK 
945 |d 20080516 00:00:00  |a rbrito 
260 |a Madrid  |b Marcial Pons  |c 2007 
650 7 |a DERECHO Y ECONOMIA  |2 CL-VaPUC  |9 255885 
583 |a last modification  |c 20160707 09:06:55  |k Rodrigo Vera 
490 0 |a Politopías, 18 
999 |c 330053  |d 330051 
952 |0 0  |1 0  |4 0  |6 340_110000000000000_MAL_2007  |7 0  |8 A  |9 415338  |a BIBDER  |b BIBDER  |d 2019-11-22  |i 4440331  |l 1  |m 4  |o 340.11 MAL 2007  |p 4440331  |q 2025-12-31  |r 2020-03-13  |s 2020-03-13  |w 2019-11-22  |y BK  |k DER 
952 |0 0  |1 0  |3 erb  |4 0  |6 340_110000000000000_MAL_2007  |7 0  |8 A  |9 415339  |a BIBDER  |b BIBDER  |i 5297230  |o 340.11 MAL 2007  |p 5297230  |r 2023-01-25  |w 2019-11-22  |y BK  |z Catalogado en:20160708  |k DER